000
00310nam a22001337a 4500
020
_a
9788126515424
040
_c
NUST
082
_a
629.8045 JOJ
100
_a
Joji P
_9
77865
245
_a
Pneumatic Controls
260
_a
NEW DELHI:
_b
WILEY,
_c
2013.
650
_a
Pneumatic controls
_9
77866
942
_2
ddc
_c
BK
999
_c
589947
_d
589947